| 000 | 00510nam a2200157 4500 | ||
|---|---|---|---|
| 001 | 117878 | ||
| 003 | ES-MaACL | ||
| 007 | t| | ||
| 008 | 070214s1946 sp r ||||1| spa d | ||
| 100 | 1 |
_aPeiró, Francisco Xavier, _d1883-1969 _990003 |
|
| 245 | 1 | 3 |
_aEl Evangelio comentado desde el estudio de Radio Nacional (1945-1946) / _cFrancisco Xavier Peiro. |
| 260 |
_aMadrid : _bEditora Nacional, _c1946. |
||
| 300 |
_a336 p. ; _c21 cm. |
||
| 852 |
_aES-MaACL _jE-1841 _bR.22757 |
||
| 999 |
_c117878 _d117878 |
||